LIBRARY ONLINE CATALOGUE

Leadership when the heat's on / (Record no. 21403)

MARC details
000 -LEADER
fixed length control field 01843cam a22003974a 4500
001 - CONTROL NUMBER
control field 12762217
003 - CONTROL NUMBER IDENTIFIER
control field OSt
005 - DATE AND TIME OF LATEST TRANSACTION
control field 20260313144741.0
008 - FIXED-LENGTH DATA ELEMENTS--GENERAL INFORMATION
fixed length control field 020502s2002 nyua 001 0 eng
010 ## - LIBRARY OF CONGRESS CONTROL NUMBER
LC control number 2002006988
020 ## - INTERNATIONAL STANDARD BOOK NUMBER
International Standard Book Number 0070132674
020 ## - INTERNATIONAL STANDARD BOOK NUMBER
International Standard Book Number 0070133123
035 ## - SYSTEM CONTROL NUMBER
System control number 12762217
040 ## - CATALOGING SOURCE
Original cataloging agency DLC
Transcribing agency DLC
Modifying agency DLC
042 ## - AUTHENTICATION CODE
Authentication code pcc
050 00 - LIBRARY OF CONGRESS CALL NUMBER
Classification number HD57.7
Item number .C69 1992
082 00 - DEWEY DECIMAL CLASSIFICATION NUMBER
Classification number 658.4/092
Edition number 21
100 1# - MAIN ENTRY--PERSONAL NAME
Personal name Cox, Danny,
Dates associated with a name 1934-
245 10 - TITLE STATEMENT
Title Leadership when the heat's on /
Statement of responsibility, etc. by Danny Cox with John Hoover.
250 ## - EDITION STATEMENT
Edition statement 2nd ed.
260 ## - PUBLICATION, DISTRIBUTION, ETC. (IMPRINT)
Place of publication, distribution, etc. New York :
Name of publisher, distributor, etc. McGraw-Hill,
Date of publication, distribution, etc. c1992.
300 ## - PHYSICAL DESCRIPTION
Extent xviii, 237 p. :
Other physical details ill. ;
Dimensions 23 cm.
336 ## - CONTENT TYPE
Content type term text
Content type code txt
Source rdacontent
337 ## - MEDIA TYPE
Media type term unmediated
Media type code n
Source rdamedia
338 ## - CARRIER TYPE
Carrier type term volume
Carrier type code nc
Source rdacarrier
500 ## - GENERAL NOTE
General note Includes index.
505 0# - FORMATTED CONTENTS NOTE
Formatted contents note The leader feels the heat -- The emerging leader process -- The first step : team building when the heat's on -- The second step : goal setting when the heat's on -- The third step : time planning for higher productivity -- The fourth step : keeping morale high when the heat's on -- The fifth step : creativity when the heat's on -- The sixth step : problem solving when the heat's on -- The seventh step : leading change when the heat's on (not just managing it) -- Meeting tomorrow's leadership challenges today.
650 #0 - SUBJECT ADDED ENTRY--TOPICAL TERM
Topical term or geographic name as entry element Leadership.
700 1# - ADDED ENTRY--PERSONAL NAME
Personal name Hoover, John,
Dates associated with a name 1952-
856 42 - ELECTRONIC LOCATION AND ACCESS
Materials specified Contributor biographical information
Uniform Resource Identifier <a href="http://www.loc.gov/catdir/bios/mh041/2002006988.html">http://www.loc.gov/catdir/bios/mh041/2002006988.html</a>
856 42 - ELECTRONIC LOCATION AND ACCESS
Materials specified Publisher description
Uniform Resource Identifier <a href="http://www.loc.gov/catdir/description/mh024/2002006988.html">http://www.loc.gov/catdir/description/mh024/2002006988.html</a>
906 ## - LOCAL DATA ELEMENT F, LDF (RLIN)
a 7
b cbc
c orignew
d 1
e ecip
f 20
g y-gencatlg
942 ## - ADDED ENTRY ELEMENTS (KOHA)
Source of classification or shelving scheme Library of Congress Classification
Koha item type General Collection
Holdings
Withdrawn status Lost status Source of classification or shelving scheme Not for loan Home library Current library Shelving location Date acquired Source of acquisition Inventory number Total Checkouts Full call number Barcode Date last seen Copy number Price effective from Koha item type
    Library of Congress Classification   Kabarak, Main Campus Kabarak, Main Campus General Stacks 13/03/2026 Donation 2025/3166   HD57.7 .C69 1992 C.1 39783 13/03/2026 C.1 13/03/2026 General Collection